Statistics for Geography and History of Italy on a Map

Click here to take the quiz!

General Stats

  • This quiz has been taken 412 times
    (278 since last reset)
  • The average score is 51 of 100

Answers on the Map

Answers color-coded by a green-red scale on the quiz's map according to % correct below.
 

Answer Stats

Region% Correct
Rome
97%
Milan
96%
Naples
93%
Sicily
91%
Venice
90%
Alps
89%
Po River
89%
Turin
89%
Florence
88%
Sardinia
88%
Genoa
86%
Adriatic Sea
84%
Palermo
84%
Tuscany
84%
Leaning Tower of Pisa
81%
Mount Etna
79%
Bologna
77%
Trieste
76%
Bari
74%
Mount Vesuvius
73%
Lombardy
72%
Ligurian Sea
71%
Piedmont
71%
Verona
71%
Apennines
70%
Lazio
68%
Tiber River
68%
Cagliari
65%
Ionian Sea
65%
Syracuse
65%
Veneto
65%
Liguria
64%
Calabria
62%
Michelangelo
62%
Trentino-Alto Adige
62%
Tyrrhenian Sea
62%
Emilia-Romagna
60%
Catania
59%
Marco Polo
59%
Apulia
57%
Trento
57%
Aosta Valley
56%
Messina
56%
Amerigo Vespucci
54%
Campania
54%
Parma
54%
Dante Alighieri
53%
Padua
53%
Rubicon River
53%
Umbria
53%
Ravenna
50%
Modena
48%
Tiramisu
48%
Friuli-Venezia Giulia
47%
Parmigiano Reggiano
45%
Abruzzo
44%
Capri
44%
Taranto
44%
Marche
42%
Monza
42%
Raphael
42%
Rimini
42%
Calzone
41%
Mount Stromboli
41%
Victor Emmanuel II
40%
Basilicata
39%
Brescia
39%
Bruschetta
37%
Gianluigi Buffon
37%
Giuseppe Verdi
37%
Giuseppe Garibaldi
36%
Lucca
36%
Molise
35%
Perugia
32%
Amalfi Coast
31%
Marcus Aurelius
31%
Pescara
31%
Gorgonzola
27%
Battle of Cannae
26%
Ponte Vecchio
26%
Cannoli
25%
Capitoline Hill
25%
Prato
25%
Arancini
22%
Catanzaro
22%
Pope Julius II
22%
Vespasian
22%
Francis II
21%
Piazza San Marco
21%
Sergio Mattarella
21%
Benevento
20%
Battle of Lake Trasimene
19%
Alghero
18%
Antonio Rossini
18%
Alberto Ascari
15%
Battle of the Trebia
12%
Marmore Falls
10%
Siege of Lilybaeum
10%
Battle of Cape Ecnomus
9%
Gran Paradiso
9%

Score Distribution

Percentile by Number Answered

Percent of People with Each Score

Your Score History

You have not taken this quiz since the last reset